000 00208nam a2200097Ia 4500
008 240331s9999 xx 000 0 und d
082 _bAPP
100 _aAppadourai,A
245 0 _aMoonram silambakam
942 _cL
999 _c3808
_d3808